000 00203 a2200097 4500
001 30202
100 _aGreene
245 _aStamboul Train
260 _aEngland
_bPenguin Books
_c
090 _c20145
_d20145
942 _aNUST-CAE
_cM
_c11276
999 _c265275
_d265275